00818nam a2200241Ia 450000500170000000800460001703700110006304000080007404000080008204000080009004100080009804100080010608400080011410000520012224501810017426000090035530000100036465000110037470000750038594200070046099900210046795200880048820260430150208.0008 250103s9999 xx 000 0 eng d aTheses aCRL beng ceng 2eng aeng qCRL aParveen Seema Au.; Goel Shailendra Gu.91236755 0aAnalysis of genetic diversity, niche modelling and transcriptome of endosperm developmental stages in genus Nymphaea: An import water lily from ANA grade with diploid endosperm c2022 a174p. aBotany aUniversity of Delhi. Faculty of Science. Deptarment of Botany91236756 cTH c1849186d1849186 00104070aCRLbCRLd2026-04-30l0pTH0025714r2026-04-30 15:02:08w2026-04-30yTH